| 000 | 01283cam a22003497a 4500 | ||
|---|---|---|---|
| 003 | CHAP | ||
| 005 | 20220329142454.0 | ||
| 008 | 010518d1999 mx r 00110 spa d | ||
| 010 | _a83956 | ||
| 011 | _a84928 | ||
| 035 | _a95454 | ||
| 040 | _cCHAP | ||
| 090 | _aTesis | ||
| 100 | 0 | 0 |
_aToledo Sánchez, Mario Antonio. _9113636 |
| 245 | 1 | 0 |
_aFrecuencias de corte sobre la producción de forraje de la leguminosa Kudzu (Pueraria phaseoloides) en época de seca, en Huehuetán, Chiapas _c/por Mario Antonio Toledo Sánchez |
| 260 |
_aHuehuetán, Chis. : _bEl autor, _c1999. |
||
| 300 |
_a41 h. ; _bgráfs. |
||
| 502 | _aTesis Ing. Agr. Zootecnista) -- Universidad Autónoma de Chiapas. Facultad de Ciencias Agrícolas Campus IV | ||
| 590 |
_aALEPH _b10 _c20130110 _lUCH01 _h1442 |
||
| 590 |
_aBATCH-UPD _b10 _c20130110 _lUCH01 _h0357 |
||
| 590 |
_aBATCH-UPD _b10 _c20130110 _lUCH01 _h2056 |
||
| 590 |
_aBATCH-UPD _b10 _c20130410 _lUCH01 _h0030 |
||
| 590 |
_aBATCH-UPD _b10 _c20130914 _lUCH01 _h1710 |
||
| 590 |
_aCONVERSION _b10 _c20130109 _lUCH01 _h1347 |
||
| 650 | 1 | 4 |
_aKudzu. _964031 |
| 650 | 1 | 4 |
_aPlantas forrajeras. _988943 |
| 650 | 1 | 4 |
_aPueraria. _992919 |
| 901 | _aBK | ||
| 905 | _aMayto Villalobos S. | ||
| 942 | _cTESIS | ||
| 949 |
_aTesis _bBC _cTES _d954541 _eTS1 _h38057 _i95454 _sb |
||
| 999 |
_c83956 _d83956 |
||